Comportamento ingestivo e parâmetros sanguíneos em ovinos que receberam dietas contendo aditivos à base de extratos de própolis em pó (Registro n. 330512)
[ somente texto ]
| 000 -LÍDER | |
|---|---|
| fixed length control field | 05546nab a2200433 i 4500 |
| 003 - CÓDIGO MARC DA AGÊNCIA CATALOGADORA | |
| Campo de controle | BR-BrBNA |
| 005 - DATA E HORA DA ÚLTIMA ATUALIZAÇÃO | |
| Campo de controle | 20250319100252.0 |
| 008 - CAMPO DE TAMANHO FIXO | |
| fixed length control field | 250319b2017 bl.|r|pooa||| 00| 0 por | |
| 040 ## - FONTE DA CATALOGAÇÃO | |
| Agência catalogadora | BR-BrBNA |
| Idioma da catalogação | por |
| 072 ## - CATEGORIA AGRIS | |
| Código AGRIS | L50 |
| Código do objeto | 5240 |
| 072 ## - CATEGORIA AGRIS | |
| Código AGRIS | L51 |
| 100 ## - ENTRADA PRINCIPAL - NOME PESSOAL | |
| Nome pessoal | Prado-Calixto, O.P. |
| 100 ## - ENTRADA PRINCIPAL - NOME PESSOAL | |
| Nome pessoal | Mizubuti, I.Y. |
| 100 ## - ENTRADA PRINCIPAL - NOME PESSOAL | |
| Nome pessoal | Ribeiro, E.L. A. |
| 100 ## - ENTRADA PRINCIPAL - NOME PESSOAL | |
| Nome pessoal | Pereira, E.S. |
| 100 ## - ENTRADA PRINCIPAL - NOME PESSOAL | |
| Nome pessoal | Silva, R.T. |
| 100 ## - ENTRADA PRINCIPAL - NOME PESSOAL | |
| Nome pessoal | Corletto, N.L. |
| 100 ## - ENTRADA PRINCIPAL - NOME PESSOAL | |
| Nome pessoal | Peixoto, E.L.T. |
| 100 ## - ENTRADA PRINCIPAL - NOME PESSOAL | |
| Nome pessoal | Carvalho, L.N. |
| 100 ## - ENTRADA PRINCIPAL - NOME PESSOAL | |
| Nome pessoal | Nihei, A.K. |
| 100 ## - ENTRADA PRINCIPAL - NOME PESSOAL | |
| Nome pessoal | Massaro Júnior, F.L. |
| 100 ## - ENTRADA PRINCIPAL - NOME PESSOAL | |
| Nome pessoal | Silva, L.D.F. |
| 100 ## - ENTRADA PRINCIPAL - NOME PESSOAL | |
| Nome pessoal | Galbeiro, S. |
| 245 ## - TÍTULO PRINCIPAL | |
| Título principal | Comportamento ingestivo e parâmetros sanguíneos em ovinos que receberam dietas contendo aditivos à base de extratos de própolis em pó |
| 500 ## - NOTA GERAL | |
| Nota geral | Publicação online; 26 ref.; 5 tables; Summaries (En, Pt) |
| 942 ## - ADDED ENTRY ELEMENTS (KOHA) | |
| Koha item type | Analítica |
| 520 ## - NOTA DE RESUMO | |
| Nota de conteúdo | <br/><br/><br/>RESUMO - Objetivou-se avaliar os efeitos do extrato de própolis (LLOSC2) sobre o comportamento ingestivo e os parâmetros sanguíneos em cordeiros alimentados com dieta concentrada. Foram utilizados quatro cordeiros machos, castrados, sem raça definida e com peso médio inicial de 32±1,92kg, mantidos em gaiolas metabólicas individuais durante todo o período experimental. O delineamento experimental foi em quadrado latino 4x4, com quatro animais, quatro dietas e quatro períodos experimentais. As dietas diferiram em relação à adição ou não de extratos de própolis à ração. As dietas testadas diferiam na adição de zero (controle), 1(88,16mg/g de flavonoides), duas (176,32mg/g de flavonoides) ou três (264,48mg/g de flavonoides) doses de aditivo à base de extrato de própolis LLOSC2. A dieta tinha relação volumoso:concentrado de 40:60 e foi formulada para ganhos de 250g. A ração concentrada era composta de milho e farelo de soja. O comportamento ingestivo dos animais foi observado por 24 horas, divididas em quatro períodos de seis horas. As coletas de sangue eram realizadas no último dia do período. Não houve efeito das doses LLOSC2 sobre o tempo despendido em alimentação, ruminação, ócio e ingestão de água. A duração do ciclo ruminativo foi maior nos animais que receberam duas doses de LLOSC2, e o número de movimentos mastigatórios também tendeu a aumentar no período que compreendia das 13 às 19h. Já a dieta contendo uma dose de LLOSC2 aumentou a duração da ruminação do bolo bem como o seu número total de mastigações no período de uma a sete horas. Houve uma diminuição nos níveis séricos de cortisol com a adição de três doses de LLOSC2. O hemograma, o leucograma, o perfil bioquímico e as imunoglobulinas não foram afetados pela inclusão das doses de LLSOC2. A administração de extrato de própolis LLOSC2 à dieta de ovinos não afetou seu comportamento ingestivo, os parâmetros hematológicos, bioquímicos e imunológicos estudados.<br/><br/><br/>Palavras-chave: cortisol, parâmetros hematológicos, parâmetros imunológicos, perfil bioquímico, ruminação |
| 520 ## - NOTA DE RESUMO | |
| Nota de conteúdo | <br/><br/><br/>ABSTRACT - The objective of this study was to evaluate the effects of propolis extract (LLOS 2) on feeding behavior and blood parameters in lambs fed concentrate diet. Four male lambs were castrated, mongrel and average weight of 32±1.92kg, kept in individual metabolic cages throughout the trial period. The experimental design was a Latin square 4 x 4 with four animals, four treatments and four experimental periods. The diets differed according to addition or not of propolis extracts to feed. The experimental diets differed in addition to zero (control), 1 (88.16mg/g flavonoids) 2 (176.32mg/g flavonoids) or 3 (264.48mg/g flavonoids) Additive doses based on LLOSC2 propolis extract. The diet had a forage:concentrate ratio of 40:60 and was formulated to 250g gains. The concentrate ration was composed based on corn and soybean meal. The feeding behavior of the animals were observed for 24 hours, divided into four periods of 6 hours. Blood collections were made on the last day of the period. There was no effect of LLOSC2 doses on time spent eating, ruminating, leisure and water intake. The duration of the ruminative cycle was higher in animals that received two doses of LLOSC2 and the number of chewing movements also tended to increase in the period comprised from 13 to 19h. Since the diet containing a dose of LLOSC2, increased duration of rumination cake as well as its total number of chewing in the period of 1 to 7 hours. There was a decrease in serum cortisol with the addition of three doses of LLOSC2. The blood count, white blood cell count, biochemical profile and immunoglobulins were not affected by the inclusion of doses of LLSOC2. Administration of LLOSC2 propolis extract the sheep diet did not affect their feeding behavior, hematological, biochemical and immunological studies.<br/><br/><br/><br/>Keywords: biochemical profile, cortisol, hematological parameters, immunological parameters, rumination |
| 650 ## - ASSUNTO - THESAGRO | |
| Cabeçalho tópico ou nome geográfico | OVINO |
| 650 ## - ASSUNTO - THESAGRO | |
| Cabeçalho tópico ou nome geográfico | DIETA |
| 650 ## - ASSUNTO - THESAGRO | |
| Cabeçalho tópico ou nome geográfico | PRÓPOLIS |
| 650 ## - ASSUNTO - THESAGRO | |
| Cabeçalho tópico ou nome geográfico | RUMINAÇÃO |
| 650 ## - ASSUNTO - THESAGRO | |
| Cabeçalho tópico ou nome geográfico | BIOQUÍMICA |
| 650 ## - ASSUNTO - THESAGRO | |
| Cabeçalho tópico ou nome geográfico | HEMATOLOGIA |
| 650 ## - ASSUNTO - THESAGRO | |
| Cabeçalho tópico ou nome geográfico | IMUNIDADE |
| 773 0# - ENTRADA ANALÍTICA | |
| Host Biblionumber | 1643 |
| Registro do item | 349155 |
| Imprenta | Belo Horizonte-MG Universidade Federal de Minas Gerais - Escola de Veterinaria 1983 |
| Outro identificador | 2025-1673 |
| Título | Arquivo Brasileiro de Medicina Veterinária e Zootecnia (Brazil) |
| ISSN | 0102-0935 |
| Colação | v. 69(2) p. 381-390; (2017) |
| Número de controle de registro | BR2025000136 |
| 856 ## - ACESSO E ENDEREÇO ELETRÔNICO | |
| Identificador uniforme de recurso - URI | https://www.scielo.br/j/abmvz/a/ZFhPDKpy87vTZW8NBKxQ3Px/?format=pdf&lang=pt |
Nenhum exemplar disponível.

BINAGRI